Normal view MARC view
  • SHUKLA ,K S AND SHARMA ,K .V

Entry Personal Name

Number of records used in: 1

001 - CONTROL NUMBER

  • control field: 8861

003 - CONTROL NUMBER IDENTIFIER

  • control field: JRU

005 - DATE AND TIME OF LATEST TRANSACTION

  • control field: 20260226104132.0

008 - FIXED-LENGTH DATA ELEMENTS

  • fixed length control field: 260226|| aca||aabn | a|a d

040 ## - CATALOGING SOURCE

  • Original cataloging agency: JRU
  • Transcribing agency: JRU

100 ## - HEADING--PERSONAL NAME

  • Personal name: SHUKLA ,K S AND SHARMA ,K .V

670 ## - SOURCE DATA FOUND

  • Source citation: Work cat.: (JRU)9034: SHUKLA ,K S AND SHARMA ,K .V, ARYABHATIYA OF ARYABHATA -CRITICALLY EDITED WITH TRANSLATION AND NOTES, 2016